Xây dựng hệ thống đảm bảo chất lượng bên trong bền vững tại trường Đại học Cần Thơ : Báo cáo tổng kết đề tài khoa học và công nghệ cấp Trường

Nội dung đề tài khảo sát và phân tích thực trạng tổ chức và hoạt động ĐBCL và phân tích các định hướng bổ sung và hoàn thiện hệ thống ĐBCL bên trong bền vững. Từ đó đề xuất các định hướng bổ sung và hoàn thiện hệ thống ĐBCL bên trong...

ver descrição completa

Na minha lista:
Detalhes bibliográficos
Autor principal: Nguyễn Khánh Sơn
Formato: Livro
Idioma:Undetermined
Publicado em: Cần Thơ Trường Đại học Cần Thơ 2011
Assuntos:
Tags: Adicionar Tag
Sem tags, seja o primeiro a adicionar uma tag!
Thư viện lưu trữ: Trung tâm Học liệu Trường Đại học Cần Thơ
LEADER 01342nam a2200217Ia 4500
001 CTU_203757
008 210402s9999 xx 000 0 und d
082 |a 378.007 
082 |b S464 
088 |a T2011-27 
100 |a Nguyễn Khánh Sơn 
245 0 |a Xây dựng hệ thống đảm bảo chất lượng bên trong bền vững tại trường Đại học Cần Thơ : 
245 0 |b Báo cáo tổng kết đề tài khoa học và công nghệ cấp Trường 
245 0 |c Nguyễn Khánh Sơn (Chủ nhiệm đề tài) ; Trương Chí Hải ... [et al.] (tham gia thực hiện) 
260 |a Cần Thơ 
260 |b Trường Đại học Cần Thơ 
260 |c 2011 
520 |a Nội dung đề tài khảo sát và phân tích thực trạng tổ chức và hoạt động ĐBCL và phân tích các định hướng bổ sung và hoàn thiện hệ thống ĐBCL bên trong bền vững. Từ đó đề xuất các định hướng bổ sung và hoàn thiện hệ thống ĐBCL bên trong bền vững tại ĐHCT. 
650 |a Education, Higher,Giáo dục đại học,Quality assurance. 
904 |i Tuyến 
980 |a Trung tâm Học liệu Trường Đại học Cần Thơ